Online
Catalog

Contribución de Santiago a la obra de la independencia / (Record no. 57082)

MARC details
000 -CABECERA
campo de control de longitud fija 02295nam a2200385 i 4500
003 - IDENTIFICADOR DEL NÚMERO DE CONTROL
campo de control DO-SdBNP
005 - FECHA Y HORA DE LA ÚLTIMA TRANSACCIÓN
campo de control 20251114133009.0
007 - CAMPO FIJO DE DESCRIPCIÓN FÍSICA--INFORMACIÓN GENERAL
campo de control de longitud fija ta
008 - DATOS DE LONGITUD FIJA--INFORMACIÓN GENERAL
campo de control de longitud fija 240701s2024 dr 000 j spa d
020 ## - NÚMERO INTERNACIONAL ESTÁNDAR DEL LIBRO
Número Internacional Estándar del Libro 9789945930795
040 ## - FUENTE DE LA CATALOGACIÓN
Centro catalogador/agencia de origen DO-SdBNP
Lengua de catalogación spa
Centro/agencia transcriptor BNPHU
Normas de descripción rda
041 ## - CÓDIGO DE LENGUA
Código de lengua del texto/banda sonora o título independiente spa
082 #4 - NÚMERO DE LA CLASIFICACIÓN DECIMAL DEWEY
Número de clasificación 972.9304
Número de documento/Ítem R696c 2024
Número de edición 22
100 1# - ENTRADA PRINCIPAL--NOMBRE DE PERSONA
Nombre de persona Rodríguez Demorizi, Emilio,
Fechas asociadas al nombre 1908-1986
Término indicativo de función/relación autor
Código de función/relación aut.
9 (RLIN) 1039
245 10 - MENCIÓN DE TÍTULO
Título Contribución de Santiago a la obra de la independencia /
Mención de responsabilidad, etc. Emilio Rodríguez Demorizi, Rafael C. Senior ; presentación, Juan Daniel Balcácer ; cuidado de edición, Jesús R. Navarro Zerpa.
250 ## - MENCIÓN DE EDICIÓN
Mención de edición Segunda edición
264 #4 - PRODUCCIÓN, PUBLICACIÓN, DISTRIBUCIÓN, FABRICACIÓN Y COPYRIGHT
Producción, publicación, distribución, fabricación y copyright Santo Domingo, D. N. República Dominicana :
Nombre del de productor, editor, distribuidor, fabricante Academia Dominicana de la Historia,
Fecha de producción, publicación, distribución, fabricación o copyright ©2024.
300 ## - DESCRIPCIÓN FÍSICA
Extensión 219 páginas ;
Dimensiones 22 cm.
336 ## - TIPO DE CONTENIDO
Término de tipo de contenido texto
Código de tipo de contenido txt
Fuente rdacontent
337 ## - TIPO DE MEDIO
Nombre/término del tipo de medio sin mediación
Código del tipo de medio n
Fuente rdamedia
338 ## - TIPO DE SOPORTE
Nombre/término del tipo de soporte volumen
Código del tipo de soporte nc
Fuente rdacarrier
490 0# - MENCIÓN DE SERIE
Mención de serie Academia Dominicana de la Historia
Designación de volumen o secuencia 167
500 ## - NOTA GENERAL
Nota general Ensayos ganadores del certamen organizado por la Sociedad Amantes de la Luz en 1938 con motivo del primer centenario de la sociedad secreta La Trinitaria.
500 ## - NOTA GENERAL
Nota general Incluye índice onomástico.
505 ## - NOTA DE CONTENIDO CON FORMATO
Nota de contenido con formato Presentación, 11 -- Primera parte: tema VII, 13 -- Veredicto del tema VIII, Contribución de Santiago a la obra de la Independencia, 15 -- Contribución de Santiago a la obra de la Independencia, 17 -- Documentos anexos, 37 -- Segunda parte. Tema IX, 141 -- Extracto, 143 -- Duarte en Santiago, 145 -- Tercera parte: Tema VII, 161 -- Glorias patrias de Santiago, 163 -- Índice onomástico, 191 -- Publicaciones de la Academia Dominicana de la Historia, 199.
534 ## - NOTA SOBRE LA VERSIÓN ORIGINAL
Encabezamiento principal del original Contribución de Santiago a la obra de la independencia. <br/>
Mención de edición del original Certamen de La Trinitaria, auspiciado por el Honorable Presidente Trujillo.<br/>Sociedad Amantes de la Luz.
Publicación, distribución, etc. del original Editorial El Diario, 1938.
590 ## - NOTA LOCAL (RLIN)
Nota local Inventariado, 2024/ YL
651 #4 - PUNTO DE ACCESO ADICIONAL DE MATERIA--NOMBRE GEOGRÁFICO
Nombre geográfico República Dominicana
Subdivisión general Historia
Subdivisión cronológica Guerra de Independencia, 1844-
9 (RLIN) 88795
651 #4 - PUNTO DE ACCESO ADICIONAL DE MATERIA--NOMBRE GEOGRÁFICO
Nombre geográfico Santiago, República Dominicana
Subdivisión general Historia Local
9 (RLIN) 46430
700 1# - PUNTO DE ACCESO ADICIONAL--NOMBRE DE PERSONA
Nombre de persona Senior, Rafael C.,
Término indicativo de función/relación autor
Código de función/relación aut.
9 (RLIN) 54733
700 1# - PUNTO DE ACCESO ADICIONAL--NOMBRE DE PERSONA
Nombre de persona Balcácer, Juan Daniel,
Fechas asociadas al nombre 1949-
Término indicativo de función/relación presentador
Código de función/relación pr.
9 (RLIN) 6566
700 1# - PUNTO DE ACCESO ADICIONAL--NOMBRE DE PERSONA
Nombre de persona Navarro Zerpa, Jesús R.,
Término indicativo de función/relación editor
Código de función/relación ed.
9 (RLIN) 73422
910 ## - DATOS DE OPCIÓN DEL USUARIO (OCLC)
Datos de opción del usuario YLockward
942 ## - ELEMENTOS DE PUNTO DE ACCESO ADICIONAL (KOHA)
Fuente del sistema de clasificación o colocación Dewey Decimal Classification
Tipo de ítem Koha Libro
Holdings
Estado de retiro Estado de pérdida Fuente del sistema de clasificación o colocación Restricciones de uso No para préstamo Código de colección Localización permanente Ubicación/localización actual Ubicación en estantería Fecha de adquisición Fuente de adquisición Total de préstamos Signatura topográfica completa Código de barras Fecha visto por última vez Precio válido a partir de Tipo de ítem Koha Número de copia
    Dewey Decimal Classification Excluido de préstamo   Patrimonio Dominicano Biblioteca Nacional Pedro Henríquez Ureña Biblioteca Nacional Pedro Henríquez Ureña Depósito 15.05.2024 Deposito Legal   BNPHU PD 972.9304 R696c 2024 2024-3934 01.07.2024 01.07.2024 Libro  
    Dewey Decimal Classification Excluido de préstamo   Patrimonio Dominicano Biblioteca Nacional Pedro Henríquez Ureña Biblioteca Nacional Pedro Henríquez Ureña Depósito 15.05.2024 Deposito Legal   BNPHU PD 972.9304 R696c 2024 2024-3935 01.07.2024 01.07.2024 Libro e. 2
    Dewey Decimal Classification Préstamo en sala   Dominicana de Servicio Biblioteca Nacional Pedro Henríquez Ureña Biblioteca Nacional Pedro Henríquez Ureña Depósito 15.05.2024 Deposito Legal   BNPHU DS 972.9304 R696c 2024 2024-3936 01.07.2024 01.07.2024 Libro e. 3
    Dewey Decimal Classification Préstamo en sala   Dominicana de Servicio Biblioteca Nacional Pedro Henríquez Ureña Biblioteca Nacional Pedro Henríquez Ureña Depósito 11.12.2024 Donado por Academia Dominicana de Historia   BNPHU DS 972.9304 R696c 2024 2025-11548 10.10.2025 10.10.2025 Libro e. 4

Powered by Koha